[Event "Ortigueira op 2nd"]
[Site "Ortigueira"]
[Date "2003.08.04"]
[Round "2"]
[White "Diaz Nunez, Adolfo"]
[Black "Vehi Bach, Victor Manuel"]
[Result "0-1"]
[WhiteElo "2189"]
[BlackElo "2416"]
[PlyCount "90"]
[EventDate "2003.08.03"]
[EventType "swiss"]
[EventRounds "9"]
[EventCountry "ESP"]
[SourceTitle "EXT 2004"]
[Source "ChessBase"]
[SourceDate "2003.11.25"]
[SourceVersion "1"]
[SourceVersionDate "2003.11.25"]
[SourceQuality "1"]

1. Nf3 c5 2. c4 g6 3. Nc3 Bg7 4. e3 Nf6 5. d4 0-0 6. Be2 cxd4 7. Nxd4 Nc6 8. 0-0 d6 9. b3 a6 10. Bb2 Bd7 11. Qd2 Qa5 12. Rfd1 Rfc8 13. a3 Qd8 14. Nxc6 Bxc6 15. b4 b6 16. f3 h5 17. e4 Nd7 18. Nd5 Bxb2 19. Qxb2 b5 20. cxb5 axb5 21. Qd4 Ra6 22. Rdc1 Bxd5 23. Rxc8 Qxc8 24. exd5 Rxa3 25. Rxa3 Qc1+ 26. Kf2 Qxa3 27. Bxb5 Qa2+ 28. Be2 Nf6 29. Qc4 Qd2 30. b5 Nxd5 31. Qd3 Qxd3 32. Bxd3 Kf8 33. h4 Ke8 34. g4 Nf6 35. Kg3 e5 36. b6 Kd7 37. Bb5+ Kc8 38. Bc6 Kb8 39. g5 Ng8 40. Bd5 Ne7 41. Bxf7 Kb7 42. Kf2 Kxb6 43. Ke2 Kc5 44. Kd3 Nd5 45. Ke4 Nf4 0-1

[Event "Ferrol op 18th"]
[Site "Ferrol"]
[Date "2002.07.24"]
[Round "8"]
[White "Sande Edreira, Jose Antonio"]
[Black "Diaz Nunez, Adolfo"]
[Result "1-0"]
[WhiteElo "2216"]
[BlackElo "2146"]
[PlyCount "109"]
[EventDate "2002.07.17"]
[EventType "swiss"]
[EventRounds "9"]
[EventCountry "ESP"]
[SourceTitle "CBM 089 Extra"]
[Source "ChessBase"]
[SourceDate "2002.09.10"]
[SourceVersion "2"]
[SourceVersionDate "2002.09.10"]
[SourceQuality "1"]

1. c4 c6 2. g3 d5 3. Bg2 Nf6 4. Nf3 Bg4 5. Ne5 Bh5 6. cxd5 Nxd5 7. Nc3 Nd7 8. Nxd5 Nxe5 9. Nf4 Bg4 10. d4 Nc4 11. 0-0 g5 12. Nd3 Qxd4 13. Bxg5 f6 14. b3 Nb2 15. Nxb2 Qxd1 16. Raxd1 fxg5 17. Rd2 Rd8 18. Rfd1 Rxd2 19. Rxd2 Bg7 20. Na4 0-0 21. e3 Kf7 22. Nc5 Bc8 23. Bf1 e6 24. Nxb7 Bxb7 25. Rd7+ Kf6 26. Rxb7 Rf7 27. Rb8 Rf8 28. Rb4 Rf7 29. Rc4 Rc7 30. Bg2 c5 31. b4 Bf8 32. a4 Bd6 33. b5 Rc8 34. Kf1 Ke5 35. Ke2 Be7 36. Re4+ Kf5 37. Rxe6 Kxe6 38. Bh3+ Kd5 39. Bxc8 Kc4 40. Be6+ Kb4 41. Kd3 Kxa4 42. Kc4 Ka5 43. f4 gxf4 44. gxf4 a6 45. bxa6 Kxa6 46. e4 Kb6 47. e5 Kc6 48. Bg8 h6 49. Kd3 Bh4 50. Ke4 Bf2 51. f5 Kd7 52. Bc4 Bg1 53. f6 Bxh2 54. e6+ Kd6 55. e7 1-0

[Event "Ferrol op 18th"]
[Site "Ferrol"]
[Date "2002.07.23"]
[Round "7"]
[White "Muniz Pardino, Alberto"]
[Black "Diaz Nunez, Adolfo"]
[Result "0-1"]
[WhiteElo "2076"]
[BlackElo "2146"]
[PlyCount "52"]
[EventDate "2002.07.17"]
[EventType "swiss"]
[EventRounds "9"]
[EventCountry "ESP"]
[SourceTitle "CBM 089 Extra"]
[Source "ChessBase"]
[SourceDate "2002.09.10"]
[SourceVersion "2"]
[SourceVersionDate "2002.09.10"]
[SourceQuality "1"]

1. e4 c6 2. d4 d5 3. Nd2 dxe4 4. Nxe4 Bf5 5. Ng3 Bg6 6. Bc4 e6 7. N1e2 Bd6 8. Bf4 Nf6 9. Qd2 Nd5 10. Bxd6 Qxd6 11. Bxd5 cxd5 12. 0-0 0-0 13. f4 Bf5 14. Nxf5 exf5 15. Qd3 g6 16. Qh3 Nd7 17. Qh6 Nf6 18. Ng3 Qb6 19. c3 Ng4 20. Qh4 Qxb2 21. Rae1 Qxc3 22. Nxf5 gxf5 23. Qg5+ Kh8 24. Qxf5 Qxd4+ 25. Kh1 Qg7 26. Rf3 Rae8 0-1